| 000 | 00848cam a22002894a 4500 | ||
|---|---|---|---|
| 020 | _a1842770667 | ||
| 020 | _a1842770675 | ||
| 020 | _a9781842770665 | ||
| 020 | _a9781842770672 | ||
| 082 | 0 | 0 |
_a305.42 _bMEI |
| 245 | 0 | 4 | _aThe aftermath : Women in Post-Conflict Transformation |
| 260 |
_aLondon ; _aNew York : _bZed Books, _c2001. |
||
| 300 | _axiv, 258 p. ; | ||
| 650 | 0 | _aWomen and war. | |
| 650 | 0 | _aWomen and peace. | |
| 650 | 0 | _aWomen | |
| 650 | 0 | _aWomen | |
| 650 | 0 | _aSex role. | |
| 650 | 0 | _aPatriarchy. | |
| 700 | 1 | _aMeintjes, Sheila. | |
| 700 | 1 | _aPillay, Anu. | |
| 700 | 1 | _aTurshen, Meredeth, | |
| 856 | 4 | 2 | _uhttp://www.loc.gov/catdir/bios/hol051/2001056783.html |
| 856 | 4 | 1 | _uhttp://www.loc.gov/catdir/toc/hol031/2001056783.html |
| 856 | 4 | 2 | _uhttp://www.loc.gov/catdir/description/hol031/2001056783.html |
| 942 | _cBK | ||
| 999 |
_c23617 _d23617 |
||